[Event "Paris-ch op-B"]
[Site "Paris"]
[Date "2009.07.04"]
[Round "1"]
[White "Palacios Aguilar, Diego Andre"]
[Black "Fahy, Frederic"]
[Result "1-0"]
[WhiteElo "1894"]
[BlackElo "1660"]
[PlyCount "77"]
[EventDate "2009.07.04"]
[EventType "swiss"]
[EventRounds "9"]
[EventCountry "FRA"]
[SourceTitle "EXT 2010"]
[Source "ChessBase"]
[SourceDate "2010.11.25"]
[SourceVersion "1"]
[SourceVersionDate "2010.11.25"]
[SourceQuality "1"]

1. e4 c5 2. c3 d5 3. exd5 Qxd5 4. d4 Nc6 5. Bf4 Nf6 6. Nf3 Bg4 7. Be2 e6 8. 0-0 Be7 9. Qa4 0-0 10. Nbd2 cxd4 11. cxd4 Rfd8 12. Bc4 Qf5 13. Be5 Nd7 14. Rfe1 Ncxe5 15. dxe5 Nb6 16. Qb3 Nxc4 17. Qxc4 Rac8 18. Qb3 b6 19. h3 Bxf3 20. Nxf3 Rd3 21. Qa4 a5 22. Rac1 Rcd8 23. Rcd1 Bc5 24. a3 Rxd1 25. Rxd1 Rxd1+ 26. Qxd1 h6 27. Qd2 Qe4 28. Qd8+ Kh7 29. Qd7 Qb1+ 30. Kh2 Qf5 31. Qd2 Qe4 32. Qd7 Bxf2 33. Qxf7 Qg6 34. Qf4 Qb1 35. Ng5+ hxg5 36. Qxf2 Qf5 37. Qxf5+ exf5 38. Kg3 g6 39. a4 1-0